000 01171nam a2200289Ia 4500
001 ebr10638839
003 CaPaEBR
006 m u
007 cr cn|||||||||
008 130107s2013 enk sb 001 0 eng d
020 _z9781441141491
020 _z9781441144775 (ebook)
040 _aCaPaEBR
_cCaPaEBR
035 _a(OCoLC)847599450
050 1 4 _aHT384.A78
_bC384 2013eb
100 1 _aClapson, Mark.
245 1 0 _aAnglo-American crossroads
_h[electronic resource] :
_burban planning and research in Britain, 1940-2010 /
_cMark Clapson.
260 _aLondon ;
_aNew York :
_bBloomsbury Publishing,
_c2013.
300 _ax, 214 p.
504 _aIncludes bibliographical references and index.
533 _aElectronic reproduction.
_bPalo Alto, Calif. :
_cebrary,
_d2013.
_nAvailable via World Wide Web.
_nAccess may be limited to ebrary affiliated libraries.
650 0 _aCity planning
_zGreat Britain.
650 0 _aUrbanization
_zGreat Britain.
655 7 _aElectronic books.
_2local
710 2 _aebrary, Inc.
856 4 0 _uhttp://site.ebrary.com/lib/rucke/Doc?id=10638839
_zAn electronic book accessible through the World Wide Web; click to view
999 _c163593
_d163593